| 000 | 00901nas a2200301 4500 | ||
|---|---|---|---|
| 001 | BR0201044 | ||
| 003 | BR-BrBNA | ||
| 005 | 20231205102755.0 | ||
| 007 | ta | ||
| 008 | 230509b bl.|||p| |||| 00| 00por d | ||
| 040 |
_aBR-BrBNA _bpor _cBiblioteca Nacional de Agricultura |
||
| 041 | _a(Pt) | ||
| 072 | _aF30 | ||
| 100 | 1 | _aMittelmann, A. | |
| 100 | 1 | _aCarvalho, F.I.F. de | |
| 100 | 1 | _aBarbosa Neto, J.F. | |
| 100 | 1 | _aAmaral, A.L. do | |
| 100 | 1 | _aPandini, F. | |
| 245 | 1 | _aHerdabilidade para os caracteres ciclo vegetativo e estatura de planta em aveia | |
| 650 | _aAveia | ||
| 650 | _aHereditariedade | ||
| 650 | _aEstatura de Planta | ||
| 650 | _aProgênie | ||
| 650 | _aCaracterísticas Agronômicas | ||
| 773 | 0 |
_tCiência Rural (Brazil) _xISSN 0103-8478 _g(Nov-Dec 2001), v. 31(6) p. 999-1002 _wBR0201044 |
|
| 909 |
_a202311 _bLúcia _c55 _dLúcia Elande |
||
| 942 |
_2AGRIS _n0 _cANA |
||
| 999 |
_c169272 _d169272 |
||